| 000 | 00771cab a2200229 4500 | ||
|---|---|---|---|
| 001 | ABS47478 | ||
| 008 | 090401t1992 xxu||||| |||| 00| 0 eng d | ||
| 035 | _a(Sirsi) u62163 | ||
| 041 | _aeng | ||
| 100 | _aJames, M. | ||
| 245 | 4 | _aThe importance of serving notices | |
| 260 | _c1992 | ||
| 350 | _a0 | ||
| 490 |
_aNew Law Journal _v142(6574) 30 October 1992, 1514-1515(2) |
||
| 520 | _aOutlines the statutory framework for serving notices to quit. Refers to "Dallhold Estates (UK) Pty Ltd v Lindsey Trading Properties Inc" ChD 2 March 1992 (Abs46606) | ||
| 650 | _aAGRICULTURAL HOLDINGS ACT 1986 | ||
| 650 | _aLANDLORD AND TENANT ACT 1987 PART VI | ||
| 650 | _aNOTICES TO QUIT | ||
| 690 | _aPROPERTY-LANDLORD AND TENANT | ||
| 942 | _n0 | ||
| 948 | _c04/03/1997 | ||
| 999 |
_c38616 _d38616 |
||